000
00278nam a2200109Ia 4500
008
220204s9999 xx 000 0 und d
082
_a
547
_b
EPI
100
_a
Epiotis, Nicolaos D
245
0
_a
Theory of organic reactions
260
_a
Berlin
_b
Springer Verlag
_c
1978
942
_c
BK
999
_c
30704
_d
30704